History Quiz

Random History Quiz

Self-Portraits (Slideshow) Quiz Stats

Quiz not verified by Sporcle

Challenge
Share
Tweet
Score 0/70 Timer 15:00
0 Plays Today
% Correct
Leonardo Da Vinci
93.9%
Vincent van Gogh
88%
Frida Kahlo
83.3%
Pablo Picasso
80.8%
Andy Warhol
77.6%
Claude Monet
73.5%
Rembrandt van Rijn
73.5%
Raphael
71.4%
Salvador Dali
70.5%
Norman Rockwell
65.8%
Caravaggio
57.7%
Albrecht Dürer
56%
Marc Chagall
55.6%
Jan Van Eyck
55.1%
René Magritte
55.1%
Gustave Courbet
55.1%
Titian
53.1%
Henri Matisse
53.1%
Mary Cassatt
51%
El Greco
48.9%
Artemisia Gentileschi
46.9%
Edgar Degas
42.9%
Amedeo Modigliani
42.9%
Paul Gauguin
42.9%
Jacques-Louis David
42.2%
Peter Paul Rubens
40.8%
Eugène Delacroix
40.8%
Francisco Goya
40.8%
Thomas Gainsborough
40.8%
Pierre-Auguste Renoir
40.8%
Egon Schiele
40.2%
Paul Cézanne
38.9%
Berthe Morisot
34.7%
Francis Bacon
33.8%
Diego Rivera
33.8%
% Correct
Jean-Michel Basquiat
33.3%
Elizabeth Vigée-Lebrun
32.7%
Ernst Kirchner
30.6%
David Hockney
29.9%
Weegee (Arthur Fellig)
28.9%
Parmigianino
28.6%
Joan Miro
28.6%
Edvard Munch
24.5%
Tintoretto
24.5%
Joshua Reynolds
24.5%
Joseph Ducreux
22.4%
Anthony Van Dyck
22.4%
Robert Mapplethorpe
21.4%
Giuseppe Arcimboldo
17.8%
Oskar Kokoschka
16.3%
Diane Arbus
16.3%
Robert Doisneau
15.6%
Vivian Maier
14.3%
Marie-Denise Villers
14.3%
Sir William Orpen
14.3%
Man Ray
14.3%
Henri Cartier-Bresson
13.3%
Nicolas Poussin
12%
Max Beckmann
11.1%
Giorgione
10.7%
Lovis Corinth
10.2%
Adelaide Labille-Guiard
10.2%
Sofonisba Anguissola
10.2%
Piet Mondrian
8.5%
Lee Miller
8.2%
Richard Avedon
7.3%
Felix Nussbaum
5.6%
Edward Steichen
3.4%
Willy Ronis
2.2%
André Kertesz
2.2%

You're not logged in!

Compare scores with friends on all Sporcle quizzes.
Sign Up with Email
OR
Log In

You Might Also Like...

Show Comments

Extras

Top Quizzes Today


Score Distribution

Your Account Isn't Verified!

In order to create a playlist on Sporcle, you need to verify the email address you used during registration. Go to your Sporcle Settings to finish the process.